| 000 | 01284cam a2200133 4500500 | ||
|---|---|---|---|
| 005 | 20260329023209.0 | ||
| 041 | _afre | ||
| 042 | _adc | ||
| 100 | 1 | 0 |
_aMisset, Séverine _eauthor |
| 245 | 0 | 0 | _aIntroduction à la sociologie des organisations |
| 260 |
_bArmand Colin,
_c2017. |
||
| 520 | _aDomaine central et très développé au sein de la discipline, la sociologie des organisations s’intéresse aux diverses entités regroupant des humains en vue d’atteindre certains objectifs (entreprises, administrations, associations…). L’ouvrage adopte une perspective socio-historique qui permet d’appréhender l’émergence de ce domaine, de caractériser les approches sociologiques des organisations et les visions spécifiques du comportement de l’homme dont elles sont porteuses, mais aussi de les inscrire dans un espace/temps spécifique. Il revisite ainsi les principales étapes de la pensée sociologique sur les organisations, et s’attache à montrer comment elles éclairent les processus caractéristiques des organisations contemporaines publiques ou privées, comme le lean management ou le new public management. | ||
| 856 | 4 | 1 | _uhttps://shs.cairn.info/introduction-a-la-sociologie-des-organisations--9782200619534?lang=fr&redirect-ssocas=7080 |
| 999 |
_c1925407 _d1925407 |
||